000 00966nam a2200289 i 4500
003 EG-GICUC
005 20260305221953.0
008 260305s1951 uk ||||fr|||| 000 0 eng d
040 _aEG-GiCUC
_beng
_cEG-GiCUC
_dEG-GiCUC
_eRda
082 0 4 _221
_a341.6
_bPR . W
092 0 4 _221
099 _aLaw1 11 341.6 PR . W 1951
100 1 _aPratt, Fletcher
_eAuthor.
245 1 0 _aWar for the World :
_bA Chronicle of Our Fighting Forces in World War II /
_cFletcher Pratt.
_n
264 3 _aNew Haven :
_bYale University Press,
_c1951.
300 _a364page :
_billustration ;
_c 24 cm.
336 _2rda contenu
_a texte
337 _2rda medias
_aOrdinateur
338 _2 transporteur rda
_a Ressource en ligne
504 _aBibliography: pages 200-250.
546 _aText in English
650 1 4 _aPublic international law
_2
651 1 _2
856 4 0 _uhttps://fll.law.cu.edu.eg/fulltext/bks/B11-08639.pdf
905 _a50
942 _2ddc
_cBK
_e21
_n0
999 _c65125
_d65125